Регионална библиотека "Любен Каравелов" - Русе

Записки по небесната механика (Запис номер 531059)

MARC детайли
000 -Лидер
Лидер 01034nam a2200289 c 4500
003 - Код на организацията, давaща контролен номер
Код на организацията, даваща контролен номер BLK
005 - Дата и час на последна редакция
Дата и час на последна редакция 20250623120845.0
008 - Елементи от данни с фиксирана дължина
Елементи с фиксирана дължина 180411b bul|||||r ||||||| ||bul||
020 ## - Международен стандартен номер на книга ISBN
ISBN 9786197581720
040 ## - Източник на каталожния запис
Код на библиотеката BLK
041 ## - Код за език
Език Български
Език за КДБФ Български
080 ## - УДК
УДК текст Италианска литература
УДК код 821.131.1
УДК – определител -31
УДК – код + определител 821.131.1-31
084 ## - Класификационен индекс по друга класификация
Авторски знак Дар - Д 23
100 ## - Редна дума - Автор
Автор Дара, Доменико
R(LIN) 480148
245 10 - Сведения за заглавието
Заглавие Записки по небесната механика
Подзаглавни данни роман
Авторска отговорност Доменико Дара ; прев. от итал. Ваня Георгиева
260 ## - Област на издателските данни
Място на издаване София
Име на издателя Лемур
Година на издаване 2025
9 (RLIN) 470405
Издателство - префикс ISBN 9786197581
300 ## - Физическа характеристика
Брой страници 404 с.
Размер 22 см
380 ## - Жанр
Жанр Худож. лит.
700 1# - Други автори (авторска отговорност)
Друг автор Георгиева, Ваня
Авт. отговорност на др. автор прев. от итал.
9 (RLIN) 342554
856 4# - Електронен адрес и достъп
Електронен формат pdf - файл
856 4# - Електронен адрес и достъп
Електронен формат pdf - файл
942 ## - АРТИКУЛИ
Вид на библиотечния документ Книги
Скрит в OPAC Не
Периодичен библиозапис Не
Koha issues (borrowed), all copies 2
944 ## - СЪЗДАВАНЕ И РЕДАКЦИЯ на ЗАПИСА
Дата на регистрацията/редакция Иваничка Йорданова
Служител, извършил регистрацията/редакцията 30531
Номер на служител Цветелина Шанова
999 ## - СИСТЕМНИ КОНТРОЛНИ НОМЕРА
Koha biblionumber 531059
Koha biblioitemnumber 531059
999 ## - СИСТЕМНИ КОНТРОЛНИ НОМЕРА
Koha biblioitemnumber 531059
999 ## - СИСТЕМНИ КОНТРОЛНИ НОМЕРА
Koha biblioitemnumber 531059
Наличности
Код за отписване Код за изгубен артикул Източник на класификационната схема Код за повреда Код за отдаване Артикулен № Име на библиотеката - собственик Име на библиотеката, в която се намира в момента Статус (Текущо местоположение) Дата на вписване в системата Местоположение - отдел Цена в лева Инвентарен номер Систематично азбучна сигнатура Баркод Цена в евро Служебен тип на артикула
  Не е изгубен Universal Decimal Classification Не е повреден заемане за дома 965999 Регионална библиотека "Любен Каравелов" Русе Регионална библиотека "Любен Каравелов" Русе Заемна - подръчен фонд 2025-04-07 Заемна - подръчен фонд 18.38 120000919095 821-31/Д 23 Д 120000919095 9.40 Книги
Vip Innovations Ltd, Rousse, Bulgaria 2025